L'Angleterre en Egypt /
محفوظ في:
المؤلف الرئيسي:
التنسيق: كتاب
اللغة: French
منشور في:
Paris :
Imprimé du Centre,
1922.
الموضوعات:
الوسوم: إضافة وسم
لا توجد وسوم, كن أول من يضع وسما على هذه التسجيلة!
رقم الطلب: DT107 .A4
| LEADER | 00710nam a22002297a 4500 | ||
|---|---|---|---|
| 003 | OSt | ||
| 005 | 20260405105615.0 | ||
| 008 | 260405t1922 fr 000 0 fre d | ||
| 040 | |c ARCE Library | ||
| 043 | |a f-ua--- | ||
| 050 | 1 | 4 | |a DT107 |b .A4 |
| 100 | 1 | |a Adam, Juliette, |d 1836-1936, |e author | |
| 245 | 1 | 2 | |a L'Angleterre en Egypt / |c Juliette Adam. |
| 264 | 1 | |a Paris : |b Imprimé du Centre, |c 1922. | |
| 300 | |a 416 pages ; |c 21 cm. | ||
| 500 | |a At head of title: Madame Juliette Adam (Juliette Lamber) | ||
| 650 | 0 | |a British |z Egypt. | |
| 651 | 0 | |a Egypt |x History |y British occupation, 1882-1936. | |
| 651 | 0 | |a Egypt |x Politics and government |y 1882-1952. | |
| 901 | |a reviewed | ||
| 942 | |c BK |2 lcc | ||
| 999 | |c 13505 |d 13505 | ||
